000 00559nam a2200193 i 4500
001 100620
003 ES-MaACL
005 20250829070140.0
007 t|
008 050930s1959 sp ||||1| spa d
100 1 _aMasia i de Ros, Angels.
_978718
245 1 0 _aHistoria general de la piratería /
_cAngeles Masia de Ros.
260 _aBarcelona :
_bMateu,
_c1959.
300 _a672 p., 8 h. :
_bil. ;
_c25 cm.
490 1 _aColección Keops
830 0 0 _aColección Keops
_9181983
852 _aES-MaACL
_jC-10172
_bR.44451
999 _c100620
_d100620